000
00366nam a2200133Ia 4500
008
100328s9999 xx 000 0 und d
082
_b
22355
100
_a
वरेरकर भार्गवराम विठ्ठल
245
_a
चिमणी
260
_b
नवलेखन
630
_a
चिमणी
730
_a
चिमणी
942
_c
BOOK
999
_c
516258
_d
516255